El sistema de control constitucional argentino /
Guardado en:
| Autor Principal: | |
|---|---|
| Formato: | Libro |
| Idioma: | Undetermined |
| Publicado: |
Buenos Aires :
DePalma,
2002.
|
| Edición: | 1a. ed. |
| Materias: | |
| Etiquetas: |
Agregar Etiqueta
Sin Etiquetas, Sea el primero en etiquetar este registro!
|
| LEADER | 00532nam a22001695a 4500 | ||
|---|---|---|---|
| 001 | DER.der015711 | ||
| 008 | 260310s2002####ag############000#0#und#d | ||
| 005 | 20260310144449.0 | ||
| 245 | 1 | 0 | |a El sistema de control constitucional argentino / |c Maximiliano Toricelli. |
| 250 | |a 1a. ed. | ||
| 260 | |a Buenos Aires : |b DePalma, |c 2002. | ||
| 300 | |a 363 p. | ||
| 500 | |a Prólogo de Néstor Pedro Sagüés. | ||
| 020 | |a 9501418499 | ||
| 100 | 1 | |a Toricelli, Maximiliano. | |
| 650 | 7 | |a DERECHO CONSTITUCIONAL | |
| 859 | |a DERECHO |b BIB. DERECHO |h 342 |i TOR |p 003318 | ||
